Statistics for 2021 NCAA Football Top 25 Teams

Click here to take the quiz!

General Stats

  • This quiz has been taken 125 times
    (95 since last reset)
  • The average score is 32 of 49

Answer Stats

Week(s)HighestLowestTeam% Correct
1615Alabama
99%
1615Georgia
95%
16211Ohio State
93%
415-Texas
91%
93-Clemson
89%
116-LSU
89%
142-Michigan
89%
16216Oklahoma
89%
710-Florida
85%
16322Oregon
85%
214-USC
81%
16514Notre Dame
79%
125-Oklahoma State
79%
413-UCLA
78%
94-Penn State
75%
120-Washington
75%
133-Michigan State
74%
158-Ole Miss
74%
155-Texas A&M
73%
16223Iowa
72%
1628Cincinnati
69%
812-Wisconsin
69%
913-Auburn
67%
105-Baylor
67%
811-Kentucky
66%
314-Miami
66%
811-Utah
66%
118-Arkansas
62%
125-Kansas State
62%
912-Pittsburgh
62%
518-Arizona State
61%
1116-NC State
59%
410-North Carolina
59%
120-Minnesota
56%
217-Mississippi State
55%
215-Virginia Tech
55%
57-Iowa State
53%
117-Indiana
52%
219-Purdue
52%
1310-BYU
51%
129-Wake Forest
48%
517-Houston
41%
124-Utah State
41%
914-Coastal Carolina
34%
419-SMU
32%
522-UTSA
31%
1019-San Diego State
29%
318-Fresno State
26%
416-Louisiana
25%

Score Distribution

Percentile by Number Answered

Percent of People with Each Score

Your Score History

You have not taken this quiz since the last reset